Visualizzazione normale
Vista MARC
- Umanesimo
di Genre/Form Term
Records bibliografici associati: 1
001 - CONTROL NUMBER
- control field: 61980
003 - CONTROL NUMBER IDENTIFIER
- control field:
005 - DATE AND TIME OF LATEST TRANSACTION
- control field: 20250324144906.0
008 - FIXED-LENGTH DATA ELEMENTS
- fixed length control field: 250324|| aca||aabn | a|a d
040 ## - CATALOGING SOURCE
- Original cataloging agency:
- Transcribing agency:
155 ## - HEADING--GENRE/FORM TERM
- Genre/form term: Umanesimo
- General subdivision: Ficino, Marsilio (1433-1499)
670 ## - SOURCE DATA FOUND
- Source citation: Work cat.: ()360466: Ficino, Marsilio, 1433-1499. 61979, Teologia platonica /, ©2011.